02557agaaa2200301 45000010005000000030009000050050017000140070009000310080040000400400023000800410013001031000045001161300015001612450179001762500022003552600105003773000033004825080229005155110090007445201086008345380016019205460013019366500056019497000066020057000057020717000059021287000068021876128IT-RoPAU20220918181223.0d cvaizq50131s9999||||xx ||| | || ||und|| aIT-RoPAUcIT-RoPAU aITALIANO aAngeli IvangCodice regista SPICS: 11291 aDON MILANI aDON MILANIcProdotto da: Paolinelli Bruno -- Sceneggiatura: Angeli I. Paolinelli B. Capponi P.P. -- Diretto da: Angeli IvanpDON MILANI (Rif. Codice opera principale : 26128) aEdizione Standard a(ITALIA)bSABA CINEMATOGRAFICA / Distribuzione: RAIg"1976 (1° ed.: 1984 ; Ed. Lingua Orig.: 1976)" aVHSbsonoro, col.c95 minuti a"Fotografia: D'Ettore Piazzoli Ro; Montaggio: Verdecchi Vincenzo; Musica: Alessandroni Alessandro; Sceneggiatura: Angeli I. Paolinelli B. Capponi P.P.; Scenografia: Patrono Carmelo; Soggetto: Angeli Ivan -- Paolinelli Bruno" a"Torricella Edoardo; Gora Claudio; Berti Marina; Pinciroli Renato; Giordano Mariange" aLORENZO MILANI NATO NEL LUGLIO DEL 1923 DA MADRE EBREA BATTEZZATO PER TIMORE DI RAPPRESAGLIE RAZZISTE VIENE ORDINATO SACERDOTE NELL'OTTOBRE 1947 E MANDATO ALLA PARROCCHIA DI SAN DONATO A CALENZANO PICCOLO BORGO ALLE PORTE DIPRATO COME COADIUTORE DELL'ANZIANO DON PUGI LE SUE IDEE I SUOI ATTEGGIAMENTI LA COLLABORAZIONE AD ADESSO DI DON MAZZOARI IL TIPO DI SCUOLA CHE INAUGURA GLI INTERVENTI A FAVORE DEGLI OPERAI IN GENERE E DI QUELLI GIOVANISSIMI IN PARTICOLARE IL LIBRO ESPERIENZE PASTOLARI LE PREDICHE IN OCCASIONE DELLEELEZIONI AMMINISTRATIVE DEL 1951 INDUCONO CERTI BORGHESI A DENUNCIARLO PRESSO LA CURIA MANDATO A BANBIANA NEL MUGELLO PICCOLISSIMA E SPROVVEDUTA PARROCCHIA DON LORENZO VI APRE UNA SCUOLA DI RECUPERO CONTINUA NELLA PROPRIA LINEA DI CONDOTTA CURA UN NUOVO LIBRO LETTERA A UNA PROFESSORESSA PER UNA LETTERA AI CAPPELLANI MILITARI DI TOSCANA VIENE DENUNCIATO PROCESSATO E ASSOLTO DAL TRIBUNALE DI ROMA NEL FEBBRAIO 1966 MORTO DI LEUCEMIA MIELITICA NEL 1967 PER RICORSO IN APPELLO DEL PUBBLICO MINISTERO VIENE CONDANNATO NEL 1968FILM BIOGRAFICO VITA DI DON MILANI aPAL, STEREO aITALIANO aBIOGRAFICOeFILMS [VHS]xCodice MATERIA SPICS: 9960 aAlessandroni Alessandroe(musica)gCodice Musica SPICS: 13760 aAngeli Ivan e(regista)gCodice regista SPICS: 11291 aAngeli Ivan e(soggetto)gCodice Soggetto SPICS: 11291 aPaolinelli Bruno e(soggetto)gCodice Soggetto 2° SPICS: 30482